Výhody a nevýhody "on/off-shore" biznis modelu pre medzinárodné firmy diplomová práca

Guardado en:
Detalles Bibliográficos
Autor principal: Fačkovcová, Dominika
Autor Corporativo: Obchodná fakulta EU. Katedra medzinárodného obchodu
Otros Autores: Zábojník, Stanislav, 1984-
Formato: Libro
Lenguaje:eslovaco
Publicado: Bratislava 2018
Etiquetas: Agregar Etiqueta
Sin Etiquetas, Sea el primero en etiquetar este registro!

MARC

LEADER 00000nbm a2200000 4500
001 0243324
005 20181003112408.9
041 0 |a slo 
044 |a SK 
245 1 0 |a Výhody a nevýhody "on/off-shore" biznis modelu pre medzinárodné firmy  |b diplomová práca  |c Dominika Fačkovcová ; školiteľ: Stanislav Zábojník 
264 1 |a Bratislava  |c 2018 
300 |a 76 s. 
100 1 |a Fačkovcová, Dominika 
700 1 |a Zábojník, Stanislav, 1984- 
710 2 |a Obchodná fakulta EU. Katedra medzinárodného obchodu